00470nam a2200133Ia 450000500170000000800410001702000150005808200130007310000240008624500220011026000500013230000160018250001380019820250304061604.0240331s9999 xx 000 0 und d a8172120117 bSARa954 aSardeeshpande, S.C. 0aAssignment Jaffna aNew DelhibLancer Publishers Pvt, Ltdc1992  aX, 165 p ., aThis book is a personalised account of a Division Commander Attempting to suppress Insurgency on foreign soil and combat environment.